000 00439nam a2200169Ia 4500
001 38861
008 140423s9999 xx 000 0 und d
020 _a1405077638
040 _cPK-LaUMT
082 _a 613.71081
_bFIF-
100 _aKita, Joe
245 4 _aThe 15 best exercises
_bsecrets from men's health magazine
_cKita, Joe
260 _aLondon,UK:
_bReaders International,
_c2005
300 _a96 p.
546 _aEN
942 _cBK
999 _c38182
_d38182